000 00916nam a2200277 i 4500
001 2326587
003 OSt
005 20110726125334.0
008 810122s1980 enkahk 001 0 eng
015 _aGB80-19672
020 _a0406509204
_c£5.95
040 _aDLC
_cDLC
_dDLC
043 _ae-uk---
050 0 0 _aKD1695
_b.R5 1980
082 0 0 _a346.096 RIC
_219
100 1 _aRichardson, Dudley.
_91764
245 1 0 _aGuide to negotiable instruments :
_cby Dudley Richardson /
250 _a6th ed.
260 _aLondon :
_bButterworth,
_c1991.
300 _aix, 225 p. :
_bill., facsim., 3 forms ;
_c22 cm.
500 _aIncludes index.
650 0 _aNegotiable instruments
_zGreat Britain.
_91765
906 _a7
_bcbc
_corignew
_d3
_encip
_f19
_gy-gencatlg
942 _2ddc
_cBK
999 _c609
_d609